000 00519cam a2200193ua 4500
001 5780
005 20260515113932.0
008 131028n ii |||gr||||Z||||||eng
020 _a978-81-7273-542-5
040 _cMAIN
082 _a301
245 _aChanging Rural Society in India
_cBy K Gopalkrishna Rao
260 _aDelhi:
_bAuthorspress,
_c2010.
300 _aix,248p.
653 _aSociology & anthropology
653 _aChanging Rural Society in India
700 _aRao,K Gopalkrishna,
_eAuthor.
942 _cBK
999 _c4933
_d4933